| 000 | 00745nam a2200241 i 4500 | ||
|---|---|---|---|
| 001 | 17411 | ||
| 003 | ES-MaACL | ||
| 005 | 20251003063035.0 | ||
| 007 | t| | ||
| 008 | 010302s2000 sp ||||1| spa d | ||
| 020 | _a84-306-0396-4 | ||
| 080 | _a159.922.3 | ||
| 100 | 1 |
_aWright, William, _d1830-1889 _9162542 |
|
| 245 | 1 | 0 |
_aAsí nacemos _b: genes, conducta, personalidad / _cWilliam Wright ; traducción de Irene Cifuentes. |
| 260 |
_aMadrid : _bTaurus, _c[2000] |
||
| 300 |
_a372 p. ; _c24 cm. |
||
| 490 | 1 | _aPensamiento | |
| 650 | 7 |
_aPsicología genética _2embne _916566 |
|
| 700 | 1 |
_aCifuentes de Castro, Irene. _938810 |
|
| 830 | 0 |
_aPensamiento _9178722 |
|
| 852 |
_aES-MaACL _jL-24288 _bR.129557 |
||
| 999 |
_c17411 _d17411 |
||